BUBT Library Online Catalog

Personnel Human Resource Management: A Diagnostic Approach (Record no. 1131)

000 -LEADER
fixed length control field 00687nam a2200217Ia 4500
003 - CONTROL NUMBER IDENTIFIER
control field BUBTL
008 - FIXED-LENGTH DATA ELEMENTS--GENERAL INFORMATION
fixed length control field 151213s9999 xx 000 0 und d
020 ## - INTERNATIONAL STANDARD BOOK NUMBER
International Standard Book Number 025603267x
082 ## - DEWEY DECIMAL CLASSIFICATION NUMBER
Classification number 658.3/ M5999p/ 1985
100 ## - MAIN ENTRY--PERSONAL NAME
Personal name Milkovich, George T.
245 ## - TITLE STATEMENT
Title Personnel Human Resource Management: A Diagnostic Approach
Statement of responsibility, etc. George T. Milkovich & William F. Glueck.
250 ## - EDITION STATEMENT
Edition statement 4th
260 ## - PUBLICATION, DISTRIBUTION, ETC. (IMPRINT)
Place of publication, distribution, etc. Texas
Name of publisher, distributor, etc. Business Publications
Date of publication, distribution, etc. c1985
300 ## - PHYSICAL DESCRIPTION
Extent [xviii], 772p . :
Other physical details ill. Chart ; 24cm .
500 ## - GENERAL NOTE
General note Includes Index .
650 ## - SUBJECT ADDED ENTRY--TOPICAL TERM
Topical term or geographic name as entry element Management
700 ## - ADDED ENTRY--PERSONAL NAME
Personal name George T.Milkovich & William F.Glueck.
856 ## - ELECTRONIC LOCATION AND ACCESS
Password 0
Logon 0
Link text Download
942 ## - ADDED ENTRY ELEMENTS (KOHA)
Source of classification or shelving scheme
Koha item type Books
Holdings
Withdrawn status Lost status Source of classification or shelving scheme Damaged status Not for loan Permanent location Current location Date acquired Total Checkouts Full call number Barcode Date last seen Copy number Price effective from Koha item type
          Bangladesh University of Business and Technology Library Bangladesh University of Business and Technology Library 11/09/2017   658.3 MIM BUBTL-20031356 11/09/2017 C-1 11/09/2017 Books

More Information About Library

Library Hours

  • Open: 9.00 am. to 9.00 pm.
  • Only Sunday: 9.00 am. to 6.00 pm.
  • Closed: Holiday

Contact to the University

Bangladesh University of Business and Technology Library

  • Mirpurl-2, 1216.
  • Phone:
  • Fax:
  • E-Mail: admin.library@bubt.edu.bd

Contact to the Library

Contact Person:

Md. Abdul Hakim Shah
Joint Librarian
PABX No:  113
Cell No: 01816332931
E-mail: official: admin.library@bubt.edu.bd
Personal: hakim.shah@bubt.edu.bd


BUBT Library

Copyright © 2021